| 000 | 01030nam a22002057a 4500 | ||
|---|---|---|---|
| 999 |
_c8280 _d8280 |
||
| 003 | AR-CdUCM | ||
| 008 | 190322b ||||| |||| 00| 0 spa d | ||
| 020 | _a84-85317-50-5 | ||
| 040 |
_aMUNICIPALIDAD PROVINCIAL DEL CUSCO _cBIBLIOTECA MUNICIPAL DEL CUSCO |
||
| 082 |
_a510 / _bM93 |
||
| 110 |
_aClasa _923292 |
||
| 245 |
_aEl mundo de la matemática : _bCurso teórico practico / |
||
| 260 |
_aBuenos Aires : _bClasa, _c1975. |
||
| 300 |
_a4 tomos ; _c32 cm. |
||
| 505 | _aContenido :t.1. Historia -- Conjuntos -- Segmentos -- Numeración -- Operaciones con segmentos y ángulos -- t.2. Números racionales y decimales -- Figuras geométricas -- Razones y proporciones numéricas y geométricas -- semejanzas -- t.3. Factoreo -- Expresiones fraccionarias -- Superficie -- Volumen --Trigonometría -- t.4. Radicales -- Números complejos -- Geometría analítica -- Logaritmos -- Matemática financiera ... | ||
| 650 |
_aMatemática general _923293 |
||
| 650 |
_aCiencias contables _923294 |
||
| 942 |
_2ddc _cLIBROS |
||
| 945 | _arum | ||